<?xml version="1.0" encoding="UTF-8"?>
<collection xmlns="http://www.loc.gov/MARC21/slim">
 <record>
  <leader>00960nam a22001811  4500</leader>
  <controlfield tag="001">1/14598</controlfield>
  <controlfield tag="008">990608s1998    gr                  gre  </controlfield>
  <datafield tag="035" ind1=" " ind2=" ">
   <subfield code="l">15084</subfield>
  </datafield>
  <datafield tag="040" ind1=" " ind2=" ">
   <subfield code="a">GR-PeUP</subfield>
  </datafield>
  <datafield tag="090" ind1=" " ind2=" ">
   <subfield code="a">628.445 8 ΑΝ</subfield>
  </datafield>
  <datafield tag="245" ind1="1" ind2="0">
   <subfield code="a">Ανάλυση κύκλου ζωής /</subfield>
   <subfield code="c">επιμ. Ν. Μουσιόπουλος, Α.Μπούρα</subfield>
  </datafield>
  <datafield tag="260" ind1=" " ind2=" ">
   <subfield code="a">Θεσσαλονίκη :</subfield>
   <subfield code="b">Α.Π.Θ. ,</subfield>
   <subfield code="c">1998</subfield>
  </datafield>
  <datafield tag="300" ind1=" " ind2=" ">
   <subfield code="a">130 σ. :</subfield>
   <subfield code="b">πιν. ,</subfield>
   <subfield code="c">1998</subfield>
  </datafield>
  <datafield tag="650" ind1=" " ind2="4">
   <subfield code="a">Ανακύκλωση.</subfield>
  </datafield>
  <datafield tag="700" ind1="1" ind2=" ">
   <subfield code="a">Μουσιόπουλος, Νικόλαος Σ,</subfield>
   <subfield code="e">επιμ.</subfield>
  </datafield>
  <datafield tag="700" ind1="1" ind2=" ">
   <subfield code="a">Μπούρα, Α,</subfield>
   <subfield code="e">επιμ.</subfield>
  </datafield>
  <datafield tag="710" ind1="2" ind2="0">
   <subfield code="a">Αριστοτέλειο Πανεπιστήμιο Θεσσαλονίκης.</subfield>
   <subfield code="b">Τμήμα Μηχανολόγων Μηχανικών. Εργαστήριο μετάδοσης θερμότητας και περιβαλλοντικής μηχανικής.</subfield>
  </datafield>
  <datafield tag="852" ind1=" " ind2=" ">
   <subfield code="a">INST</subfield>
   <subfield code="b">UNIPILB</subfield>
   <subfield code="c">MAIN</subfield>
   <subfield code="e">20040709</subfield>
   <subfield code="h">628.445 8 ΑΝ</subfield>
   <subfield code="p">00131050</subfield>
   <subfield code="q">00131050</subfield>
   <subfield code="t">LOAN</subfield>
   <subfield code="y">4</subfield>
   <subfield code="x">20110203</subfield>
   <subfield code="4">1</subfield>
  </datafield>
 </record>
</collection>
